000 00662nam a22001695i 4500
001 164159
003 ES-MaACL
005 20250822063219.0
008 970714m18391840sp a |||| | spa d
040 _aCYL
_bspa
_cCYL
100 1 _aRuiz de la Vega, Domingo María,
_d1789-1868
_9132188
245 1 3 _aEl Pelayo
_b: poema épico /
_cpor Domingo María Ruiz de la Vega.
260 _aMadrid :
_b[s.n.],
_c1839-1840 (
_fImp. de la Viuda de M. Calero)
300 _a3 v. (280 [i.e 380] p., [1] h. de lám ; 424 p., [1] h. de lám. ; 423 p., [1] h. de lám.) :
_bil. ;
_c19 cm.
852 _aES-MaACL
_jG-10508-10
_z-- Enc. hol.
999 _c164159
_d164159